MARC details
| 000 -LEADER |
| fixed length control field |
01900cam a2200433 a 4500 |
| 001 - CONTROL NUMBER |
| control field |
15215474 |
| 003 - CONTROL NUMBER IDENTIFIER |
| control field |
OSt |
| 005 - DATE AND TIME OF LATEST TRANSACTION |
| control field |
20230606151610.0 |
| 008 - FIXED-LENGTH DATA ELEMENTS--GENERAL INFORMATION |
| fixed length control field |
080312s2006 gw a b 100 0 eng d |
| 010 ## - LIBRARY OF CONGRESS CONTROL NUMBER |
| LC control number |
2008346278 |
| 016 7# - NATIONAL BIBLIOGRAPHIC AGENCY CONTROL NUMBER |
| Record control number |
980263018 |
| Source |
GyFmDB |
| 020 ## - INTERNATIONAL STANDARD BOOK NUMBER |
| International Standard Book Number |
9783898924979 (pbk.) |
| 020 ## - INTERNATIONAL STANDARD BOOK NUMBER |
| International Standard Book Number |
3898924971 (pbk.) |
| 035 ## - SYSTEM CONTROL NUMBER |
| System control number |
(OCoLC)ocm76686000 |
| 035 ## - SYSTEM CONTROL NUMBER |
| System control number |
(OCoLC)76686000 |
| 040 ## - CATALOGING SOURCE |
| Original cataloging agency |
OHX |
| Transcribing agency |
OHX |
| Modifying agency |
INU |
| -- |
DLC |
| 042 ## - AUTHENTICATION CODE |
| Authentication code |
lccopycat |
| -- |
lcode |
| 043 ## - GEOGRAPHIC AREA CODE |
| Geographic area code |
fb----- |
| 050 00 - LIBRARY OF CONGRESS CALL NUMBER |
| Classification number |
HD9867.A3572 |
| Item number |
T73 2005 |
| 072 #7 - SUBJECT CATEGORY CODE |
| Subject category code |
TS |
| Source |
lcco |
| 082 ## - DEWEY DECIMAL CLASSIFICATION NUMBER |
| Classification number |
677.967 |
| Item number |
JAU |
| 111 2# - MAIN ENTRY--MEETING NAME |
| Meeting name or jurisdiction name as entry element |
Trade Union Conference on "The Future of the African Textile and Clothing Industries" |
| Date of meeting |
(2005 : |
| Location of meeting |
Cape Town, South Africa) |
| 245 14 - TITLE STATEMENT |
| Title |
The Future of the Textile and Clothing Industry in Sub-Saharan Africa |
| Statement of responsibility, etc. |
edited by Herbert Jauch and Rudolf Traub-Merz. |
| 246 17 - VARYING FORM OF TITLE |
| Title proper/short title |
Textile and clothing industry in Sub-Saharan Africa |
| 260 ## - PUBLICATION, DISTRIBUTION, ETC. (IMPRINT) |
| Place of publication, distribution, etc. |
Bonn : |
| Name of publisher, distributor, etc. |
Friedrich-Ebert-Stiftung, Division for International Development Cooperation, Africa Department, |
| Date of publication, distribution, etc. |
[2006] |
| 300 ## - PHYSICAL DESCRIPTION |
| Extent |
296 p. : |
| Other physical details |
ill. ; |
| Dimensions |
22 cm. |
| 500 ## - GENERAL NOTE |
| General note |
"International conference, Friedrich-Ebert-Stiftung--ITGLWF--SACTWU--LaRRI, proceedings." |
| 500 ## - GENERAL NOTE |
| General note |
"Trade Union Conference on 'The Future of the African Textile and Clothing Industries', Cape Town (Ritz Hotel, Sea Point), October 10-11, 2005"--P. 292. |
| 504 ## - BIBLIOGRAPHY, ETC. NOTE |
| Bibliography, etc |
Includes bibliographical references (p. 290). |
| 650 #0 - SUBJECT ADDED ENTRY--TOPICAL TERM |
| Topical term or geographic name as entry element |
Textile industry |
| Geographic subdivision |
Africa, Sub-Saharan |
| Form subdivision |
Congresses. |
| 650 #0 - SUBJECT ADDED ENTRY--TOPICAL TERM |
| Topical term or geographic name as entry element |
Clothing trade |
| Geographic subdivision |
Africa, Sub-Saharan |
| Form subdivision |
Congresses. |
| 700 1# - ADDED ENTRY--PERSONAL NAME |
| Personal name |
Jauch, Herbert. |
| 700 1# - ADDED ENTRY--PERSONAL NAME |
| Personal name |
Traub-Merz, Rudolf. |
| 710 2# - ADDED ENTRY--CORPORATE NAME |
| Corporate name or jurisdiction name as entry element |
Friedrich-Ebert-Stiftung. |
| 856 41 - ELECTRONIC LOCATION AND ACCESS |
| Materials specified |
Table of contents |
| Uniform Resource Identifier |
<a href="http://www.loc.gov/catdir/toc/fy0804/2008346278.html">http://www.loc.gov/catdir/toc/fy0804/2008346278.html</a> |
| 906 ## - LOCAL DATA ELEMENT F, LDF (RLIN) |
| a |
7 |
| b |
cbc |
| c |
copycat |
| d |
3 |
| e |
ncip |
| f |
20 |
| g |
y-gencatlg |
| 942 ## - ADDED ENTRY ELEMENTS (KOHA) |
| Source of classification or shelving scheme |
Dewey Decimal Classification |
| Koha item type |
Books |